00508nam a2200169Ia 450000500170000000800410001702000130005808200130007110000180008424500370010226000490013930000120018865000180020094200060021895200990022499900150032320250405180748.0240331s9999 xx 000 0 und d a82380284 bSATa894 aSathasivam, K 0aOrr adimaiyin vilangu arukirathu aSri LankabAkila Ilankai Ilakiya pottic1982 a68 p ., aShort Stories cL 001040708LaWERCLbWERCLcSSCd2024-03-31l0o 894.811 SATp2366r2024-03-31w2024-03-31yL c4139d4139